| 000 | 00803nam a22002057a 4500 | ||
|---|---|---|---|
| 999 |
_c9512 _d9512 |
||
| 003 | AR-CdUCM | ||
| 008 | 190328b ||||| |||| 00| 0 spa d | ||
| 040 |
_aMUNICIPALIDAD PROVINCIAL DEL CUSCO _cBIBLIOTECA MUNICIPAL DEL CUSCO |
||
| 082 |
_a131.34 / _bF83 / 1936 |
||
| 100 |
_aFreud, Sigmund _923111 |
||
| 245 | _aEl chiste y su relación con lo inconsciente / | ||
| 260 |
_aSantiago de Chile : _bErcilla, _c1936. |
||
| 300 |
_a178 páginas ; _c18 cm. |
||
| 440 |
_aBiblioteca Freud. _n8 _925761 |
||
| 505 | _aContenido: t.1. Relación del chiste con los sueños y lo inconsciente -- El chiste y las especies de lo cómico -- El delirio y los sueños en la "Gradiva" de W. Jensen. | ||
| 650 |
_aSueños inconscientes _925762 |
||
| 650 |
_aPsicoanalítico _925763 |
||
| 942 |
_2ddc _cLIBROS |
||
| 945 | _aacv | ||